[Event "Salamanca Uni 9th"]
[Site "Salamanca"]
[Date "2019.11.30"]
[Round "6"]
[White "Santos Ruiz, Miguel"]
[Black "Ponomariov, Ruslan"]
[Result "1/2-1/2"]
[WhiteElo "2583"]
[BlackElo "2648"]
[PlyCount "99"]
[EventDate "2019.11.27"]
[EventType "tourn"]
[EventRounds "7"]
[EventCountry "ESP"]
[EventCategory "12"]
[SourceTitle "EXT 2021"]
[Source "ChessBase"]
[SourceDate "2020.10.23"]
[SourceVersion "1"]
[SourceVersionDate "2020.10.23"]
[SourceQuality "1"]

1. c4 Nf6 2. Nc3 e5 3. Nf3 Nc6 4. e3 Bb4 5. Qc2 Bxc3 6. Qxc3 Qe7 7. Be2 d5 8.
d4 exd4 9. Nxd4 Nxd4 10. Qxd4 c5 11. Qf4 dxc4 12. Qxc4 O-O 13. O-O Qe5 14. f3
Be6 15. Qc2 c4 16. e4 b5 17. Qc3 Nd7 18. a4 a6 19. Be3 Qxc3 20. bxc3 Ne5 21.
axb5 axb5 22. Rfb1 Bd7 23. Bd4 Nd3 24. Rxa8 Rxa8 25. Bxd3 cxd3 26. Rd1 Be6 27.
Rxd3 Ra1+ 28. Kf2 Bc4 29. Rd2 Ra2 30. Rxa2 Bxa2 31. g4 f6 32. f4 Kf7 33. f5 Bb1
34. Kf3 Bc2 35. h4 h6 36. Kf4 Bb1 37. Bb6 Bc2 38. Bc7 Bb1 39. Ke3 Bc2 40. Bf4
Bb1 41. Kd4 Bc2 42. Kd5 Bd1 43. g5 hxg5 44. hxg5 fxg5 45. Bxg5 g6 46. f6 Bb3+
47. Kd6 Bc4 48. e5 Bb3 49. Bh6 Bc4 50. Bg5 1/2-1/2

[Event "Salamanca Uni 9th"]
[Site "Salamanca"]
[Date "2019.11.30"]
[Round "7"]
[White "Ponomariov, Ruslan"]
[Black "Szczepkowska, Karina"]
[Result "1/2-1/2"]
[WhiteElo "2648"]
[BlackElo "2412"]
[PlyCount "67"]
[EventDate "2019.11.27"]
[EventType "tourn"]
[EventRounds "7"]
[EventCountry "ESP"]
[EventCategory "12"]
[SourceTitle "EXT 2021"]
[Source "ChessBase"]
[SourceDate "2020.10.23"]
[SourceVersion "1"]
[SourceVersionDate "2020.10.23"]
[SourceQuality "1"]

1. c4 Nf6 2. Nc3 e5 3. g3 d5 4. cxd5 Nxd5 5. Bg2 Nb6 6. d3 Be7 7. Be3 Nc6 8.
Bxc6+ bxc6 9. Nf3 f6 10. O-O O-O 11. Qb3+ Kh8 12. Rac1 Qe8 13. Ne4 f5 14. Ned2
Bd6 15. Bc5 Bd7 16. d4 exd4 17. Nxd4 f4 18. N2f3 Nd5 19. Rfd1 fxg3 20. hxg3 Nf6
21. Qe3 Qxe3 22. fxe3 Ne4 23. Bxd6 cxd6 24. Nxc6 Nxg3 25. Ncd4 Nxe2+ 26. Nxe2
Rxf3 27. Rxd6 Rxe3 28. Rxd7 Rxe2 29. Rxa7 Rf8 30. Rf1 Rc8 31. Rc7 Rd8 32. Rd7
Rc8 33. Rc7 Rd8 34. Rd7 1/2-1/2

[Event "Gladiators May 10th"]
[Site "Chess.com INT"]
[Date "2020.05.10"]
[Round "1"]
[White "Ponomariov, Ruslan"]
[Black "Eljanov, Pavel"]
[Result "1-0"]
[WhiteElo "2631"]
[BlackElo "2672"]
[PlyCount "35"]
[EventDate "2020.05.10"]
[EventType "match (blitz)"]
[EventRounds "10"]
[EventCountry "UKR"]
[SourceTitle "CBM 196 Extra"]
[Source "ChessBase"]
[SourceDate "2020.07.31"]
[SourceVersion "1"]
[SourceVersionDate "2020.07.31"]
[SourceQuality "1"]

1. e4 e5 2. Nc3 Nf6 3. f4 d5 4. fxe5 Nxe4 5. Nf3 Be7 6. Qe2 Nxc3 7. dxc3 O-O 8.
Bf4 c5 9. O-O-O Be6 10. h4 Nc6 11. Ng5 h6 12. Qh5 Qa5 13. Kb1 d4 14. Nxe6 fxe6
15. Bxh6 dxc3 16. Bc4 Rf7 17. Bxe6 Raf8 18. Rhf1 1-0

[Event "Gladiators May 10th"]
[Site "Chess.com INT"]
[Date "2020.05.10"]
[Round "2"]
[White "Eljanov, Pavel"]
[Black "Ponomariov, Ruslan"]
[Result "0-1"]
[WhiteElo "2672"]
[BlackElo "2631"]
[PlyCount "86"]
[EventDate "2020.05.10"]
[EventType "match (blitz)"]
[EventRounds "10"]
[EventCountry "UKR"]
[SourceTitle "CBM 196 Extra"]
[Source "ChessBase"]
[SourceDate "2020.07.31"]
[SourceVersion "1"]
[SourceVersionDate "2020.07.31"]
[SourceQuality "1"]

1. Nf3 b6 2. g3 Bb7 3. Bg2 g6 4. O-O Bg7 5. c4 f5 6. d4 Nf6 7. Nc3 O-O 8. d5
Na6 9. Be3 Qe8 10. Qd2 e5 11. dxe6 dxe6 12. Bh6 Rd8 13. Qc1 e5 14. Bxg7 Kxg7
15. Rd1 e4 16. Nd4 Qe5 17. Qf4 Qxf4 18. Ne6+ Kh6 19. gxf4 Rxd1+ 20. Rxd1 Re8
21. Nd4 c6 22. e3 Nc5 23. Bf1 Kg7 24. b4 Ne6 25. c5 bxc5 26. Nxe6+ Rxe6 27.
bxc5 Re7 28. Rd6 Rd7 29. Bc4 Rxd6 30. cxd6 Bc8 31. Na4 Ne8 32. Ba6 Nxd6 33.
Bxc8 Nxc8 34. Nc5 Kf6 35. f3 Nd6 36. Kf2 Ke7 37. h4 exf3 38. Kxf3 Nc4 39. Ke2
Kd6 40. Nb7+ Kd5 41. Kd3 c5 42. Nd8 Nd6 43. a4 c4+ 0-1

[Event "Gladiators May 10th"]
[Site "Chess.com INT"]
[Date "2020.05.10"]
[Round "3"]
[White "Ponomariov, Ruslan"]
[Black "Eljanov, Pavel"]
[Result "0-1"]
[WhiteElo "2631"]
[BlackElo "2672"]
[PlyCount "106"]
[EventDate "2020.05.10"]
[EventType "match (blitz)"]
[EventRounds "10"]
[EventCountry "UKR"]
[SourceTitle "CBM 196 Extra"]
[Source "ChessBase"]
[SourceDate "2020.07.31"]
[SourceVersion "1"]
[SourceVersionDate "2020.07.31"]
[SourceQuality "1"]

1. f4 d5 2. Nf3 g6 3. g3 Bg7 4. Bg2 c5 5. O-O Nc6 6. d3 Nf6 7. c3 O-O 8. Na3
Rb8 9. Qe1 d4 10. Nc4 Be6 11. Bd2 Bxc4 12. dxc4 Ne4 13. cxd4 Nxd4 14. Nxd4
Qxd4+ 15. e3 Qxd2 16. Bxe4 Qxb2 17. Qa5 Qb4 18. Qxb4 cxb4 19. Rad1 a5 20. Rd7
a4 21. Bc2 b3 22. axb3 a3 23. Bb1 Rfd8 24. Rfd1 Rxd7 25. Rxd7 e6 26. Kf2 b5 27.
cxb5 Rxb5 28. Ba2 Bf8 29. Ke2 Bb4 30. Rd4 Kg7 31. Kd3 Be7 32. e4 g5 33. e5 h5
34. Ke4 g4 35. b4 Bxb4 36. Rd7 Kf8 37. f5 exf5+ 38. Kxf5 Be7 39. Rd2 Rb2 40.
Rxb2 axb2 41. e6 fxe6+ 42. Kxe6 Bd8 43. Kf5 Kg7 44. Bb1 Kh6 45. Ke4 Bb6 46. Kd3
Bg1 47. Ke2 Bxh2 48. Kf2 Kg5 49. Kg2 Bxg3 50. Kxg3 h4+ 51. Kg2 Kf4 52. Kf2 h3
53. Bh7 g3+ 0-1

[Event "Gladiators May 10th"]
[Site "Chess.com INT"]
[Date "2020.05.10"]
[Round "4"]
[White "Eljanov, Pavel"]
[Black "Ponomariov, Ruslan"]
[Result "1/2-1/2"]
[WhiteElo "2672"]
[BlackElo "2631"]
[PlyCount "133"]
[EventDate "2020.05.10"]
[EventType "match (blitz)"]
[EventRounds "10"]
[EventCountry "UKR"]
[SourceTitle "CBM 196 Extra"]
[Source "ChessBase"]
[SourceDate "2020.07.31"]
[SourceVersion "1"]
[SourceVersionDate "2020.07.31"]
[SourceQuality "1"]

1. Nf3 c5 2. c4 g6 3. d4 Bg7 4. e4 d6 5. d5 Nf6 6. Nc3 O-O 7. h3 e6 8. Bd3 Na6
9. O-O Nc7 10. Re1 b6 11. Bg5 h6 12. Be3 e5 13. Qd2 Kh7 14. g4 Bd7 15. Ne2 b5
16. b3 a5 17. Ng3 a4 18. Kh1 Qe7 19. Rg1 axb3 20. axb3 Rxa1 21. Rxa1 Rb8 22.
Ra7 Qd8 23. Qa5 Nfe8 24. Kg2 Ra8 25. Rxa8 Qxa8 26. Qxa8 Nxa8 27. cxb5 Nec7 28.
Nd2 Nxb5 29. Nc4 Bf8 30. f4 f6 31. f5 g5 32. Kf2 Nd4 33. Bxd4 exd4 34. Nf1 Kg7
35. Nfd2 Kf7 36. Na5 Nb6 37. Ndc4 Nxc4 38. Bxc4 Ke7 39. Nc6+ Ke8 40. Ke2 Be7
41. Kd3 Bd8 42. Bb5 Ba5 43. Kc4 Be1 44. Na7 Bxb5+ 45. Nxb5 Kd7 46. Kd3 Ba5 47.
Na3 Bb4 48. Nc4 Kc7 49. Kc2 Bc3 50. Kd3 Bb4 51. Nb2 Bc3 52. Na4 Bb4 53. Kc4 Kb7
54. Nb2 Kc7 55. Nd3 Bc3 56. Kb5 Bd2 57. e5 fxe5 58. Nf2 Kd7 59. Ne4 Bb4 60. Kc4
Ba5 61. Kd3 Bb4 62. Nf6+ Ke7 63. Ne4 Ba5 64. Kc4 Bb4 65. Kd3 Ba5 66. Kc4 Bb4
67. Kd3 1/2-1/2

[Event "Gladiators May 10th"]
[Site "Chess.com INT"]
[Date "2020.05.10"]
[Round "5"]
[White "Ponomariov, Ruslan"]
[Black "Eljanov, Pavel"]
[Result "1-0"]
[WhiteElo "2631"]
[BlackElo "2672"]
[PlyCount "59"]
[EventDate "2020.05.10"]
[EventType "match (blitz)"]
[EventRounds "10"]
[EventCountry "UKR"]
[SourceTitle "CBM 196 Extra"]
[Source "ChessBase"]
[SourceDate "2020.07.31"]
[SourceVersion "1"]
[SourceVersionDate "2020.07.31"]
[SourceQuality "1"]

1. d4 d5 2. Nf3 Nf6 3. c4 e6 4. e3 a6 5. b3 Bd6 6. Bb2 O-O 7. Nbd2 b6 8. Bd3
Bb7 9. Qc2 Nbd7 10. O-O-O Qe7 11. Kb1 c5 12. g4 dxc4 13. bxc4 cxd4 14. exd4
Nxg4 15. Bxh7+ Kh8 16. Be4 Ndf6 17. Bxb7 Qxb7 18. Rhg1 b5 19. Ng5 Nh6 20. c5
Bf4 21. d5 e5 22. c6 Qb6 23. Nde4 Nxe4 24. Qxe4 Bxg5 25. Rxg5 f6 26. Rg2 Ra7
27. f4 exf4 28. Qxf4 Re7 29. d6 Re6 30. c7 1-0

[Event "Gladiators May 10th"]
[Site "Chess.com INT"]
[Date "2020.05.10"]
[Round "6"]
[White "Eljanov, Pavel"]
[Black "Ponomariov, Ruslan"]
[Result "0-1"]
[WhiteElo "2672"]
[BlackElo "2631"]
[PlyCount "78"]
[EventDate "2020.05.10"]
[EventType "match (blitz)"]
[EventRounds "10"]
[EventCountry "UKR"]
[SourceTitle "CBM 196 Extra"]
[Source "ChessBase"]
[SourceDate "2020.07.31"]
[SourceVersion "1"]
[SourceVersionDate "2020.07.31"]
[SourceQuality "1"]

1. Nf3 d6 2. d4 g6 3. c4 Bg7 4. Nc3 c5 5. d5 f5 6. e4 Bxc3+ 7. bxc3 fxe4 8. Ng5
Nf6 9. f3 Qa5 10. Qb3 exf3 11. Nxf3 Nbd7 12. Be2 Nb6 13. a4 Bd7 14. O-O O-O-O
15. Bg5 Ne4 16. Bd3 Nxg5 17. Nxg5 Rdf8 18. Rxf8+ Rxf8 19. Nxh7 Rh8 20. Ng5 Nxa4
21. Bc2 Qxc3 22. Qxc3 Nxc3 23. Rxa7 Kb8 24. Ra3 Ne2+ 25. Kf2 Nd4 26. Be4 Rxh2
27. Bxg6 Rh4 28. Bd3 Rf4+ 29. Ke3 Rg4 30. Nf3 Rxg2 31. Nxd4 cxd4+ 32. Kxd4 Rg4+
33. Kc3 Rg3 34. Kd4 Bf5 35. Rb3 Kc7 36. Rc3 Rxd3+ 37. Rxd3 Bxd3 38. Kxd3 Kb6
39. Kd4 Ka5 0-1

[Event "Gladiators May 10th"]
[Site "Chess.com INT"]
[Date "2020.05.10"]
[Round "7"]
[White "Ponomariov, Ruslan"]
[Black "Eljanov, Pavel"]
[Result "1-0"]
[WhiteElo "2631"]
[BlackElo "2672"]
[PlyCount "111"]
[EventDate "2020.05.10"]
[EventType "match (blitz)"]
[EventRounds "10"]
[EventCountry "UKR"]
[SourceTitle "CBM 196 Extra"]
[Source "ChessBase"]
[SourceDate "2020.07.31"]
[SourceVersion "1"]
[SourceVersionDate "2020.07.31"]
[SourceQuality "1"]

1. e4 c6 2. b3 d5 3. Bb2 dxe4 4. Nc3 Nf6 5. Qe2 Bf5 6. h3 e6 7. g4 Bg6 8. O-O-O
Nbd7 9. Bg2 Nc5 10. Kb1 a5 11. f3 a4 12. fxe4 axb3 13. cxb3 Qd3+ 14. Qxd3 Nxd3
15. Nge2 Nf2 16. d3 Be7 17. Kc2 O-O 18. Rhf1 Nxd1 19. Rxd1 h5 20. g5 Nd7 21. h4
Bd6 22. Bh3 Ne5 23. Rf1 c5 24. Nf4 Kh7 25. a4 Nc6 26. Nb5 Be5 27. Bxe5 Nxe5 28.
Nd6 b6 29. Kc3 Rad8 30. Nc4 Nxc4 31. bxc4 Ra8 32. Ra1 Ra7 33. Kb3 Rd8 34. Bg2
f6 35. Kc3 Rd6 36. gxf6 gxf6 37. Bf3 Kh6 38. Bd1 Be8 39. Ra2 Bf7 40. Rf2 f5 41.
exf5 exf5 42. Nh3 Bg6 43. Ng5 Rd4 44. Rh2 Re7 45. Nf3 Rf4 46. Kd2 Kg7 47. Be2
Kf6 48. Rg2 Rg4 49. Rf2 Ra7 50. Bd1 Rg3 51. Ng5 Rd7 52. Ne4+ Ke5 53. Nxg3 f4
54. Nxh5 Rxd3+ 55. Ke1 Be8 56. Nxf4 1-0

[Event "Gladiators May 14th"]
[Site "Chess.com INT"]
[Date "2020.05.14"]
[Round "1"]
[White "Ponomariov, Ruslan"]
[Black "Korobov, Anton"]
[Result "0-1"]
[WhiteElo "2631"]
[BlackElo "2688"]
[PlyCount "72"]
[EventDate "2020.05.14"]
[EventType "match (blitz)"]
[EventRounds "10"]
[EventCountry "UKR"]
[SourceTitle "CBM 196 Extra"]
[Source "ChessBase"]
[SourceDate "2020.07.31"]
[SourceVersion "1"]
[SourceVersionDate "2020.07.31"]
[SourceQuality "1"]

1. c4 e6 2. g3 d5 3. Bg2 Nf6 4. Nf3 d4 5. O-O c5 6. e3 Nc6 7. exd4 cxd4 8. d3
Bd6 9. a3 a5 10. Bg5 h6 11. Bxf6 Qxf6 12. Nbd2 Qe7 13. Rc1 O-O 14. Re1 a4 15.
Ne4 Bc7 16. c5 f5 17. Ned2 Ra5 18. Qc2 Rd8 19. Qc4 Qf6 20. Ra1 Kh7 21. b4 axb3
22. Nxb3 Ra7 23. a4 e5 24. Nfd2 e4 25. dxe4 Ne5 26. Qc2 f4 27. Ra3 d3 28. Qb1
Be6 29. a5 h5 30. Qa1 h4 31. a6 Rf8 32. Rf1 f3 33. Bh1 hxg3 34. hxg3 Qh6 35.
axb7 Ng4 36. Nxf3 Rxf3 0-1

[Event "Gladiators May 14th"]
[Site "Chess.com INT"]
[Date "2020.05.14"]
[Round "2"]
[White "Korobov, Anton"]
[Black "Ponomariov, Ruslan"]
[Result "0-1"]
[WhiteElo "2688"]
[BlackElo "2631"]
[PlyCount "54"]
[EventDate "2020.05.14"]
[EventType "match (blitz)"]
[EventRounds "10"]
[EventCountry "UKR"]
[SourceTitle "CBM 196 Extra"]
[Source "ChessBase"]
[SourceDate "2020.07.31"]
[SourceVersion "1"]
[SourceVersionDate "2020.07.31"]
[SourceQuality "1"]

1. d4 d6 2. c4 e5 3. Nf3 e4 4. Ng5 f5 5. Nc3 Be7 6. h4 h6 7. Nh3 Bxh4 8. Nf4
Bg5 9. Ng6 Rh7 10. f4 Bf6 11. e3 Be6 12. Qh5 Ne7 13. Nxe7+ Kxe7 14. g4 fxg4 15.
Bg2 c6 16. d5 Bd7 17. Nxe4 Na6 18. Bd2 Qb6 19. Nxf6 gxf6 20. Qg6 Rf7 21. O-O-O
Nc5 22. Rxh6 Raf8 23. dxc6 bxc6 24. Rh7 Na4 25. b3 Qc5 26. Rxf7+ Rxf7 27. bxa4
Bf5 0-1

[Event "Gladiators May 14th"]
[Site "Chess.com INT"]
[Date "2020.05.14"]
[Round "3"]
[White "Ponomariov, Ruslan"]
[Black "Korobov, Anton"]
[Result "0-1"]
[WhiteElo "2631"]
[BlackElo "2688"]
[PlyCount "130"]
[EventDate "2020.05.14"]
[EventType "match (blitz)"]
[EventRounds "10"]
[EventCountry "UKR"]
[SourceTitle "CBM 196 Extra"]
[Source "ChessBase"]
[SourceDate "2020.07.31"]
[SourceVersion "1"]
[SourceVersionDate "2020.07.31"]
[SourceQuality "1"]

1. b3 d5 2. Bb2 c5 3. e3 Nc6 4. Bb5 Bd7 5. f4 a6 6. Bxc6 Bxc6 7. Nf3 f6 8. O-O
e6 9. d3 Nh6 10. Qe1 Be7 11. Nbd2 O-O 12. e4 Qc7 13. Qg3 dxe4 14. dxe4 Rad8 15.
Rae1 b5 16. Qh3 Bd7 17. g3 e5 18. f5 c4 19. bxc4 Bb4 20. c3 Bc5+ 21. Kh1 bxc4
22. g4 Bc6 23. Qg2 Nf7 24. g5 fxg5 25. Nxg5 Nxg5 26. Qxg5 Be7 27. Qg2 Bh4 28.
Re2 Qb7 29. Bc1 Rd3 30. Nxc4 Rxc3 31. Na5 Qc7 32. Nxc6 Qxc6 33. Bb2 Rd3 34.
Bxe5 Rd7 35. Ba1 Rdf7 36. e5 Qxg2+ 37. Kxg2 Rxf5 38. Rxf5 Rxf5 39. e6 Be7 40.
Rc2 Rc5 41. Rd2 Rc6 42. Re2 g5 43. Kf3 h5 44. h4 gxh4 45. Kf4 Kh7 46. Kf5 Rc5+
47. Ke4 Kg6 48. Bd4 Rg5 49. Rh2 Rg4+ 50. Kd5 Kf5 51. Rf2+ Rf4 52. Rxf4+ Kxf4
53. Bc5 Bg5 54. e7 Bxe7 55. Bxe7 h3 56. Bd6+ Kf3 57. Kc6 Kg2 58. Kb6 h2 59.
Bxh2 Kxh2 60. Kxa6 h4 61. a4 h3 62. a5 Kg1 63. Kb7 h2 64. a6 h1=Q+ 65. Kb8 Qh8+
0-1

[Event "Gladiators May 14th"]
[Site "Chess.com INT"]
[Date "2020.05.14"]
[Round "4"]
[White "Korobov, Anton"]
[Black "Ponomariov, Ruslan"]
[Result "1/2-1/2"]
[WhiteElo "2688"]
[BlackElo "2631"]
[PlyCount "129"]
[EventDate "2020.05.14"]
[EventType "match (blitz)"]
[EventRounds "10"]
[EventCountry "UKR"]
[SourceTitle "CBM 196 Extra"]
[Source "ChessBase"]
[SourceDate "2020.07.31"]
[SourceVersion "1"]
[SourceVersionDate "2020.07.31"]
[SourceQuality "1"]

1. d4 Nf6 2. c4 c5 3. d5 g6 4. Nc3 Bg7 5. e4 d6 6. h3 O-O 7. Nf3 e6 8. Bd3 exd5
9. exd5 Re8+ 10. Be3 Rxe3+ 11. fxe3 Qe7 12. Qd2 Nbd7 13. O-O Nh5 14. Ne2 Ne5
15. Nxe5 Bxe5 16. Nf4 Nf6 17. Rf3 Bd7 18. Raf1 Rf8 19. b3 Kg7 20. a4 Ng8 21.
Bc2 Bc8 22. Kh1 b6 23. Nd3 Bf6 24. Qf2 Bc3 25. Bb1 Bd7 26. Qg3 Nf6 27. Qg5 Ng8
28. Qxe7 Nxe7 29. e4 Bd4 30. Re1 f6 31. Nf4 Ng8 32. Bd3 Nh6 33. Ne2 Be5 34. g4
Nf7 35. Kg2 Rh8 36. Ng3 a5 37. Ref1 h5 38. gxh5 Ng5 39. hxg6 Bxh3+ 40. Kf2 Bxf1
41. Nf5+ Kxg6 42. Bxf1 Nxf3 43. Kxf3 Kg5 44. Ne7 Rh7 45. Nc8 Rb7 46. Bh3 Kg6
47. Bf5+ Kf7 48. Kg4 Ke8 49. Kh5 Rg7 50. Bg6+ Kd8 51. Bf5 Rg5+ 52. Kh6 Rxf5 53.
exf5 Kxc8 54. Kg7 Kd7 55. Kf7 Bd4 56. Kf8 Be3 57. Kf7 Bg5 58. Kf8 Kd8 59. Kf7
Kd7 60. Kf8 Bf4 61. Kf7 Be5 62. Kf8 Bd4 63. Kf7 Be5 64. Kf8 Kd8 65. Kf7 1/2-1/2

[Event "Gladiators May 14th"]
[Site "Chess.com INT"]
[Date "2020.05.14"]
[Round "5"]
[White "Ponomariov, Ruslan"]
[Black "Korobov, Anton"]
[Result "1-0"]
[WhiteElo "2631"]
[BlackElo "2688"]
[PlyCount "105"]
[EventDate "2020.05.14"]
[EventType "match (blitz)"]
[EventRounds "10"]
[EventCountry "UKR"]
[SourceTitle "CBM 196 Extra"]
[Source "ChessBase"]
[SourceDate "2020.07.31"]
[SourceVersion "1"]
[SourceVersionDate "2020.07.31"]
[SourceQuality "1"]

1. Nf3 Nf6 2. c4 e6 3. Nc3 d5 4. e3 c5 5. cxd5 exd5 6. d4 a6 7. g3 Nc6 8. Bg2
Bg4 9. O-O cxd4 10. exd4 Be7 11. h3 Bh5 12. Be3 O-O 13. g4 Bg6 14. Ne5 Re8 15.
f4 Be4 16. g5 Bxg2 17. Kxg2 Ne4 18. Nxe4 dxe4 19. Qb3 Nxe5 20. fxe5 Bxg5 21.
Rxf7 Kh8 22. Raf1 Rc8 23. Rxb7 Bxe3 24. Qxe3 Rc2+ 25. Kh1 Qh4 26. Rbf7 h6 27.
R7f4 Qe7 28. Qxe4 Rxb2 29. Rf7 Qa3 30. Qg4 Rg8 31. e6 Qxa2 32. e7 Qd5+ 33. Kg1
Rbb8 34. Rf8 Qd6 35. Rxb8 Rxb8 36. Qf4 Qg6+ 37. Kh1 Re8 38. d5 Qd3 39. d6 Qxh3+
40. Kg1 Rg8 41. Re1 Qd7 42. Kg2 a5 43. Kg3 a4 44. Qf7 Qxd6+ 45. Kg2 Qd2+ 46.
Kf1 Qd3+ 47. Re2 Qd1+ 48. Kf2 Qd4+ 49. Re3 Qd2+ 50. Re2 Qd4+ 51. Kg2 Qg4+ 52.
Kf1 Qh3+ 53. Kf2 1-0

[Event "Gladiators May 14th"]
[Site "Chess.com INT"]
[Date "2020.05.14"]
[Round "6"]
[White "Korobov, Anton"]
[Black "Ponomariov, Ruslan"]
[Result "0-1"]
[WhiteElo "2688"]
[BlackElo "2631"]
[PlyCount "54"]
[EventDate "2020.05.14"]
[EventType "match (blitz)"]
[EventRounds "10"]
[EventCountry "UKR"]
[SourceTitle "CBM 196 Extra"]
[Source "ChessBase"]
[SourceDate "2020.07.31"]
[SourceVersion "1"]
[SourceVersionDate "2020.07.31"]
[SourceQuality "1"]

1. d4 e6 2. c4 b6 3. a3 Bb7 4. Nc3 f5 5. d5 Nf6 6. g3 Bd6 7. Bg2 O-O 8. Nh3 Na6
9. b4 c5 10. dxc6 Bxc6 11. O-O Be5 12. Bxc6 dxc6 13. Qb3 Qe8 14. Bf4 Bxf4 15.
Nxf4 e5 16. c5+ Rf7 17. Ne6 h6 18. Rfd1 Nd5 19. Rxd5 cxd5 20. Qxd5 bxc5 21.
bxc5 Rc8 22. Rd1 Kh8 23. Nd8 Rf6 24. c6 Nb8 25. Nb5 Nxc6 26. Nb7 Qg8 27. Qd7
Rf7 0-1

[Event "Gladiators May 14th"]
[Site "Chess.com INT"]
[Date "2020.05.14"]
[Round "7"]
[White "Ponomariov, Ruslan"]
[Black "Korobov, Anton"]
[Result "0-1"]
[WhiteElo "2631"]
[BlackElo "2688"]
[PlyCount "68"]
[EventDate "2020.05.14"]
[EventType "match (blitz)"]
[EventRounds "10"]
[EventCountry "UKR"]
[SourceTitle "CBM 196 Extra"]
[Source "ChessBase"]
[SourceDate "2020.07.31"]
[SourceVersion "1"]
[SourceVersionDate "2020.07.31"]
[SourceQuality "1"]

1. e4 c5 2. Nf3 d6 3. d4 cxd4 4. Nxd4 Nf6 5. Nc3 a6 6. Be3 Nbd7 7. Be2 e6 8. g4
h6 9. h4 b5 10. a3 Bb7 11. f3 d5 12. exd5 Nxd5 13. Nxd5 Bxd5 14. Qd2 Rb8 15.
Kf2 g6 16. a4 bxa4 17. Rxa4 Nc5 18. Raa1 Bd6 19. Qc3 O-O 20. Bxh6 Qf6 21. Qe3
Rxb2 22. Bg5 Qg7 23. h5 Qe5 24. Qxe5 Bxe5 25. Be3 f5 26. Nxf5 gxf5 27. Bxc5 Rc8
28. Ba3 Rbxc2 29. Rac1 fxg4 30. Rxc2 Rxc2 31. Rc1 g3+ 32. Ke3 g2 33. Kf2 Bd4+
34. Kxg2 Rxe2+ 0-1

[Event "Gladiators May 14th"]
[Site "Chess.com INT"]
[Date "2020.05.14"]
[Round "8"]
[White "Korobov, Anton"]
[Black "Ponomariov, Ruslan"]
[Result "1-0"]
[WhiteElo "2688"]
[BlackElo "2631"]
[PlyCount "115"]
[EventDate "2020.05.14"]
[EventType "match (blitz)"]
[EventRounds "10"]
[EventCountry "UKR"]
[SourceTitle "CBM 196 Extra"]
[Source "ChessBase"]
[SourceDate "2020.07.31"]
[SourceVersion "1"]
[SourceVersionDate "2020.07.31"]
[SourceQuality "1"]

1. d4 Nf6 2. c4 e6 3. Nc3 Bb4 4. e3 O-O 5. Bd3 c5 6. Nf3 Nc6 7. O-O Bxc3 8.
bxc3 d6 9. Nd2 e5 10. d5 Ne7 11. f3 Ne8 12. e4 f5 13. exf5 Bxf5 14. Ne4 Nf6 15.
Ng5 Qd7 16. Bxf5 Nxf5 17. Ne6 Rf7 18. g4 Ne7 19. f4 exf4 20. Bxf4 Ng6 21. Bg3
Nf8 22. g5 Ne4 23. Qg4 Nxg3 24. hxg3 Re8 25. Rxf7 Qxf7 26. Rf1 Qd7 27. Re1 Qf7
28. Kg2 Qg6 29. Re2 Qd3 30. Kh3 Qd1 31. Qe4 Qf1+ 32. Kh2 Re7 33. Re3 Qf2+ 34.
Kh3 Rf7 35. Nf4 g6 36. Rf3 Qg1 37. Re3 Rf5 38. Re1 Qf2 39. Re2 Qf1+ 40. Qg2 Qc1
41. Re8 h6 42. Qe4 Qf1+ 43. Kh2 Qf2+ 44. Qg2 Qxg2+ 45. Kxg2 Kf7 46. Rb8 hxg5
47. Rxb7+ Kf6 48. Nd3 g4 49. Nf2 Kg5 50. Ne4+ Kh6 51. Nxd6 Rf3 52. Nf7+ Kh5 53.
Rxa7 g5 54. Ne5 Re3 55. Rf7 Rxe5 56. Rxf8 Re3 57. Rf2 Rxc3 58. Rd2 1-0

[Event "Gladiators May 14th"]
[Site "Chess.com INT"]
[Date "2020.05.14"]
[Round "9"]
[White "Ponomariov, Ruslan"]
[Black "Korobov, Anton"]
[Result "1/2-1/2"]
[WhiteElo "2631"]
[BlackElo "2688"]
[PlyCount "85"]
[EventDate "2020.05.14"]
[EventType "match (blitz)"]
[EventRounds "10"]
[EventCountry "UKR"]
[SourceTitle "CBM 196 Extra"]
[Source "ChessBase"]
[SourceDate "2020.07.31"]
[SourceVersion "1"]
[SourceVersionDate "2020.07.31"]
[SourceQuality "1"]

1. d4 Nf6 2. Bg5 d5 3. Nd2 c6 4. e3 Bf5 5. c4 Nbd7 6. Ngf3 e6 7. Be2 Be7 8. O-O
h6 9. Bh4 O-O 10. a3 a5 11. b3 Ne4 12. Bxe7 Qxe7 13. Qc1 Rfc8 14. Qb2 Nd6 15.
Rac1 b5 16. cxd5 cxd5 17. Ne5 Nxe5 18. dxe5 Ne4 19. Nxe4 Bxe4 20. f3 Bg6 21.
Bxb5 Rc5 22. a4 Rac8 23. Rxc5 Qxc5 24. Qd2 Qc3 25. Qxc3 Rxc3 26. Kf2 Rxb3 27.
Rc1 Rb2+ 28. Kg3 Bc2 29. h4 f6 30. exf6 gxf6 31. Re1 Kf7 32. Re2 Ra2 33. Bd3
Bb3 34. Rxa2 Bxa2 35. Bb5 e5 36. Kf2 Bb3 37. g4 Ke7 38. f4 Bd1 39. Kg3 Ke6 40.
Bc6 Kd6 41. Be8 Ke7 42. Bc6 Kd6 43. Be8 1/2-1/2

[Event "Gladiators May 14th"]
[Site "Chess.com INT"]
[Date "2020.05.14"]
[Round "10"]
[White "Korobov, Anton"]
[Black "Ponomariov, Ruslan"]
[Result "1-0"]
[WhiteElo "2688"]
[BlackElo "2631"]
[PlyCount "95"]
[EventDate "2020.05.14"]
[EventType "match (blitz)"]
[EventRounds "10"]
[EventCountry "UKR"]
[SourceTitle "CBM 196 Extra"]
[Source "ChessBase"]
[SourceDate "2020.07.31"]
[SourceVersion "1"]
[SourceVersionDate "2020.07.31"]
[SourceQuality "1"]

1. d4 e6 2. c4 c5 3. d5 exd5 4. cxd5 d6 5. Nc3 g6 6. Nf3 Bg7 7. Nd2 Nd7 8. e4
Ngf6 9. Be2 O-O 10. O-O Re8 11. a4 Ne5 12. Qc2 g5 13. Re1 Ng6 14. g3 h6 15. Rb1
b6 16. b4 Qe7 17. bxc5 bxc5 18. Bb5 Bd7 19. Nc4 Ne5 20. Nxe5 Qxe5 21. Bb2 Qe7
22. e5 dxe5 23. Rbd1 Rac8 24. Bc4 Qd6 25. Nb5 Bxb5 26. axb5 Re7 27. Ra1 Nd7 28.
Rxa7 Nb6 29. Ra6 Rce8 30. Bc3 Qb8 31. d6 Qxd6 32. Ba5 Rb8 33. Rd1 Qc7 34. Bxb6
Rxb6 35. Qf5 Bf8 36. Rxb6 Qxb6 37. Rd7 Rxd7 38. Qxd7 Qf6 39. b6 Bd6 40. Bxf7+
Kh8 41. Bd5 Qe7 42. Qc8+ Qf8 43. b7 Kg7 44. Qd7+ Kf6 45. Qe6+ Kg7 46. Be4 Qf6
47. Qd7+ Kf8 48. Qc8+ 1-0

[Event "Gladiators May 18th"]
[Site "Chess.com INT"]
[Date "2020.05.18"]
[Round "1"]
[White "Efimenko, Zahar"]
[Black "Ponomariov, Ruslan"]
[Result "0-1"]
[WhiteElo "2602"]
[BlackElo "2631"]
[PlyCount "80"]
[EventDate "2020.05.18"]
[EventType "match (blitz)"]
[EventRounds "10"]
[EventCountry "UKR"]
[SourceTitle "CBM 196 Extra"]
[Source "ChessBase"]
[SourceDate "2020.07.31"]
[SourceVersion "1"]
[SourceVersionDate "2020.07.31"]
[SourceQuality "1"]

1. Nf3 b6 2. g3 Bb7 3. Bg2 g6 4. d4 Bg7 5. c4 Nf6 6. O-O O-O 7. d5 Na6 8. Nc3
e6 9. e4 exd5 10. exd5 Re8 11. Be3 c6 12. Nd4 cxd5 13. cxd5 Nc5 14. Re1 h5 15.
h3 Ba6 16. d6 Nd3 17. Re2 Rc8 18. Ndb5 Ne5 19. Bd4 Nc6 20. Rxe8+ Nxe8 21. Bxg7
Kxg7 22. Qa4 Bxb5 23. Nxb5 Qf6 24. Qa3 a5 25. Rc1 Na7 26. Rxc8 Nxc8 27. Nc7
Ncxd6 28. Nd5 Qd4 29. Qb3 Nf5 30. Qxb6 Qd1+ 31. Kh2 Qd2 32. a4 Ned6 33. b4 axb4
34. Nxb4 Nc4 35. Qc5 Nce3 36. Nd5 Qxf2 37. Qc3+ Kg8 38. Nf6+ Kf8 39. Nxd7+ Ke7
40. Qc6 Nf1+ 0-1